Incomplete Idioms - Statistics

General Stats
  • This quiz has been taken 107 times
    104 since last reset
  • The average score is 15 of 22
Answer Stats
Hint Answer % Correct
You can't teach an old dog new ... Tricks
95%
Good luck finding this in a haystack A Needle
94%
Speak of the...and he will appear Devil
93%
A spoonful of ... helps the medicine go down Sugar
91%
If at first you don't suceed... Try, Try Again
88%
You are what you... Eat
85%
Never bite the hand that... Feeds You
83%
That's one small step for man, one giant leap for... Mankind
83%
This broke the camel's back Straw
83%
If it ain't broke... Don't Fix It
80%
Never look a gift horse in the... Mouth
79%
If you can't stand the heat, get out of the... Kitchen
75%
Every dog has his... Day
66%
Pretty is as pretty... Does
65%
No man is an... Island
63%
Necessity is the mother of Invention
59%
No good deed goes... Unpunished
53%
An ounce of prevention is worth a pound of... Cure
51%
Why buy the milk when you can get the cow... For Free
49%
Success is 10% inspiration and 90% Perspiration
49%
This always gets the grease The Squeaky Wheel
26%
“Give me a place to stand, and a ... long enough, and I will move the world. ” Lever
21%
No matching quizzes found
Score Distribution
Percent of People with Each Score
Percentile by Number Answered
Your Score History
You have not taken this quiz since the last reset